| 000 | 00597nam a22002537a 4500 | ||
|---|---|---|---|
| 003 | UA-OsUOA | ||
| 001 | 22405 | ||
| 007 | ta | ||
| 008 | 20031219b un ||||| |||| 00| 0 ukr d | ||
| 100 | _aКант Е. | ||
| 090 |
_a141.132 _bК19 |
||
| 942 | _cBK | ||
| 040 |
_aUA-OsUOA _brus _cUA-OsUOA _dUA-OsUOA |
||
| 245 | _aОсновы метафизики нравственности | ||
| 300 | _a1472 с. | ||
| 955 | _a0 | ||
| 041 | _arus | ||
| 080 | _a141.132 | ||
| 020 | _a5-244-00944-3 | ||
| 260 |
_aМосква _bМысль _c1999 |
||
| 044 | _aRU | ||
| 650 | 7 | _2UDC | |
| 999 |
_c308624 _d308624 |
||